000 00543cam a2200145 4500500
005 20251012005058.0
041 _afre
042 _adc
100 1 0 _aLoizillon, Victor
_eauthor
245 0 0 _aJean-Baptiste Jeangène Vilmer, Le réveil stratégique. Essai sur la guerre permanente. Seuil, «Le compte à rebours», 2024, 240 páginas, 22 €.
260 _c2025.
500 _a47
786 0 _nÉtudes | Mai | 5 | 2025-04-24 | p. 137-138
856 4 1 _uhttps://shs.cairn.info/revista-etudes-2025-5-page-137?lang=es&redirect-ssocas=7080
999 _c1516536
_d1516536